|
|
|
|
| LEADER |
01050ca a2200313 4500 |
| 001 |
000030719 |
| 003 |
4413 |
| 005 |
20151016000000.0 |
| 008 |
151001s2006 000 eng |
| 020 |
|
|
|a 0078738377
|
| 041 |
|
|
|a eng
|
| 082 |
|
|
|a 420.004
|b WO-T
|2 Autocad
|
| 100 |
|
|
|a Wohlers, Terry T.
|
| 245 |
|
|
|a Appluing autocad 2006
|c Terry T.Wohlers
|n Autocad
|
| 260 |
|
|
|a Oxford University
|c 2006
|
| 300 |
|
|
|a 780p. : ill ; 25cm
|
| 650 |
|
|
|a Appluing autocad 2006, autocad, compurter, Terry T.Wohlers
|
| 852 |
|
|
|b Chuyên đề
|c Tiếng Anh tham khảo 1
|
| OWN |
|
|
|a LNN
|
| AVA |
|
|
|a UDN50
|b LNN
|d 420.004 WO-T
|e available
|t Error 5001 Not defined in file expand_doc_bib_avail.
|f 1
|g 0
|h N
|i 0
|k 1
|
| 999 |
|
|
|a From the UDN01
|
| AVA |
|
|
|a UDN50
|b LNN
|d 420.004 WO-T
|e available
|t Error 5001 Not defined in file expand_doc_bib_avail.
|f 1
|g 0
|h N
|i 0
|k 1
|
| 980 |
|
|
|a Mạng thư viện Đại học Đà Nẵng
|